| 000 | 00336nam a22001337a 4500 | ||
|---|---|---|---|
| 008 | 180110b xxu||||| |||| 00| 0 eng d | ||
| 020 | _a9780030548710 | ||
| 041 | _aeng | ||
| 080 | _a91 | ||
| 100 | _a42 | ||
| 101 | _aGJE | ||
| 245 |
_aGEOGRAPHY AND CULTURES VISUAL RESOURCES WITH TEACHING ACTIVITIES _cHOLT.R |
||
| 942 |
_2udc _cBK |
||
| 999 |
_c40005 _d40005 |
||